Fast and Furious Movies Quiz Stats

 Plays Quiz Updated Apr 3, 2015

Score 0/8 Timer 05:00
10 Plays Today
Year of Release Movie Title % Correct
2001The Fast and the Furious
97.9%
20032 Fast 2 Furious
89.7%
2006Fast and Furious: Tokyo Drift
84.6%
2011Fast Five
82.5%
2009Fast & Furious
81.3%
2017The Fate of the Furious
68.5%
2013Fast & Furious 6
68.1%
2015Furious 7
65%

You're not logged in!

Compare scores with friends on all Sporcle quizzes.
OR
Log In

Show Comments

Extras

Top Quizzes Today


Score Distribution

Your Account Isn't Verified!

In order to create a playlist on Sporcle, you need to verify the email address you used during registration. Go to your Sporcle Settings to finish the process.

Report this User

Report this user for behavior that violates our Community Guidelines.

Details: